Visualizzazione normale
Vista MARC
- Simi Gino
di Personal Name
Records bibliografici associati: 1
001 - CONTROL NUMBER
- control field: 2859
003 - CONTROL NUMBER IDENTIFIER
- control field: IT-RoPau
005 - DATE AND TIME OF LATEST TRANSACTION
- control field: 20131122103214.0
008 - FIXED-LENGTH DATA ELEMENTS
- fixed length control field: 131122|| aca||aabn | a|a d
040 ## - CATALOGING SOURCE
- Original cataloging agency: IT-RoPau
- Transcribing agency: IT-RoPau
100 ## - HEADING--PERSONAL NAME
- Personal name: Simi Gino
- Dates associated with a name: Codice autore testo/musica SPICS: 13456
- Relator term: Autore testo/music
- Name of part/section of a work: Addio signora
670 ## - SOURCE DATA FOUND
- Source citation: Work cat.: (IT-RoPau)99745: AA.VV. 794, C'eravamo tanto amati (disco)